First Partner Pokémon Trivia - Statistics

General Stats
  • This quiz has been taken 37 times
  • The average score is 9 of 20
Answer Stats
Hint Answer % Correct
How many core series games is Cyndaquil obtainable in, other than games in which it is a First Partner Pokémon? (Note - counterpart versions count as one, e.g. Gold and Silver would be 1 game) 5 - Emerald, Omega Ruby/Alpha Sapphire, Sun/Moon, Brilliant Diamond/Shining Pearl, Scarlet/Violet
88%
The only first partner Pokémon that cannot evolve in the game in which they are first partner Pokémon, other than Pikachu Eevee
88%
Which region's First Partner Pokémon's final evolutions all have an immunity? Alola
84%
The type, other than Fighting, that is represented by all three First Partner Pokémon types (Fire, Grass and Water) at least once Dark
68%
Number of candies required to evolve Charmeleon in Pokémon GO 100
60%
The only Grass type first partner Pokémon that is not listed as the first Pokémon in its regional Pokédex Snivy
56%
The first Grass type move that Grookey learns via level up Branch Poke
52%
The only Steel type move Squirtle is able to learn via level up Iron Defense
52%
A Pokémon you start the game with in Pokémon Colosseum Espeon, Umbreon
48%
The only unevolved Grass type First Partner Pokémon that has a lower base stat total than either of its two counterparts Chespin
40%
The only games that do not allow the trade of First Partner Pokémon Let's Go, Pikachu/Eevee!
40%
What core series game is Pikachu unobtainable in the wild but is in the regional Pokédex for that game? Pokémon Yellow
32%
A Water type playable character in the Gen III Mystery Dungeon games that isn't a First Partner Pokémon in the core series Psyduck
32%
Dewott's Hidden Ability Shell Armor
28%
Which Pokémon has the lowest base stat of a non-Mega Evolved fully evolved First Partner Pokémon Torterra - Base Speed 56
28%
The tallest non-evolved First Partner Pokémon Chikorita
16%
The highest Base Power move Treecko learns via level up Leaf Storm
16%
The only First Partner Pokémon with a unique Base stat total Fennekin
12%
This First Partner Pokémon's highest Base stat is Speed, learns a Fairy, Bug and Dark move(s) via level up, is a single type, has evolved Floragato
8%
Which Pokémon has the highest base stat of a non-Mega Evolved fully evolved First Partner Pokémon Primarina - Special Attack 126
4%
No matching quizzes found
Score Distribution
Percent of People with Each Score
Percentile by Number Answered
Your Score History
You have not taken this quiz